000 02590nab a2200277 i 4500
003 BR-BrBNA
005 20250731191020.0
008 250731b2020 bl.ar|pooa||| 00| 0 por |
040 _aBR-BrBNA
_bpor
072 _aF70
100 _aPereira-Silva, Rafaela Alves
100 _aAthiê-Souza, Sarah Maria
100 _aSecco, Ricardo de Souza
100 _aMelo, André Laurênio de
100 _aSales, Margareth Ferreira de
245 _aDalechampia (Acalyphoideae, Euphorbiaceae) em Pernambuco (Brasil)
500 _aPublicação on-line; 27 ref.; 8 illus.; Summaries (En, Pt)
520 _a Resumo Os limites interespecíficos de diversos táxons de Dalechampia foram analisados e esclarecidos. Foram reconhecidas 14 espécies para o gênero, dentre as quais dez são endêmicas do Brasil. A maioria apresenta ampla distribuição, sendo registradas em diversas sub-regiões do estado de Pernambuco, ocorrendo principalmente na Zona da Mata e no Agreste, em ambientes ensolarados. Os caracteres mais utilizados para a diferenciação das espécies foram o fomato da folha, da coluna estilar e das estípulas bracteais, além do número de sépalas pistiladas. Neste trabalho, são fornecidos chave para identificação, descrições, comentários sobre afinidades morfológicas, distribuição geográfica das espécies e ilustrações. Palavras-chave: Dalechampiinae, flora, Plukenetieae, taxonomia vegetal. Abstract The interspecific limits of several taxa of Dalechampia were analyzed and clarified. Fourteen species were recognized for the genus, 10 of them endemic to Brazil. Most species are widely distributed and recorded in several sub-regions of the Pernambuco state, occurring mainly in the Zona da Mata and Agreste, in sunny environments. The most used characters for differentiation of species were the shape of leaf, stylar column, and bracteal stipules, plus number of pistillate sepals. In this work, keys for identification, descriptions, comments about morphological affinities and geographical distribution, and illustrations are provided. Key words: Dalechampiinae, flora, Plukenetieae, plant taxonomy.
650 _aFLORA
650 _aTAXONOMIA VEGETAL
650 _aEUPHORBIACEAE
773 0 _0709
_9353216
_dRio de Janeiro-RJ Jardim Botanico do Rio de Janeiro 1935
_o2025-4473
_tRodriguésia (Brazil)
_x0370-6583; 2175-7860 on-line
_gv. 71 p. 1-22; (2020)
_wBR2025003214
856 _uhttps://www.scielo.br/j/rod/a/KkYfK4GDFXX3FJhKRvVYDqF/?format=pdf&lang=pt
942 _cANA
999 _c337414
_d337414